Jel, esemény, "történeti jel". Bevezető megjegyzések a Jel, esemény, "történeti jel" című konferenciához
Elmentve itt :
| Szerző: | |
|---|---|
| Adatforrás: | Philobibl |
| Forrásdokumentuma: | Világosság 43 2002. 4-5-6-7., 6-9. p. |
| Dokumentumtípus: | Cikk |
| Nyelv: | magyar |
| LEADER | 00371nab a2200097 c 4500 | ||
|---|---|---|---|
| 001 | bibDOK00021410 | ||
| 005 | 20200924121543.2 | ||
| 008 | 060518s2002 hu hun | ||
| 100 | 1 | |a Kelemen János | |
| 245 | 1 | 0 | |a Jel, esemény, "történeti jel". Bevezető megjegyzések a Jel, esemény, "történeti jel" című konferenciához |c Kelemen János |
| 773 | 0 | |t Világosság 43 |g 2002. 4-5-6-7., 6-9. p. | |